[Event "ch-FRA Blitz Online Qual"]
[Site "Europe-Chess INT"]
[Date "2020.05.16"]
[Round "2"]
[White "Fantinel, Thibault"]
[Black "Cavailles, Evan"]
[Result "1/2-1/2"]
[WhiteTitle "IM"]
[WhiteElo "2375"]
[BlackElo "2018"]
[WhiteFideId "663395"]
[BlackFideId "36048445"]
[EventDate "2020.05.16"]

1. e4 c5 2. Nf3 Nc6 3. Bb5 e6 4. O-O Nge7 5. d4 cxd4 6. Nxd4 Ng6 7. Be2 Be7 8.
c4 O-O 9. Nc3 d6 10. Be3 Bd7 11. Qd2 Rc8 12. f4 Nxd4 13. Bxd4 e5 14. fxe5 dxe5
15. Be3 Be6 16. Nd5 Bc5 17. Bxc5 Rxc5 18. b4 Rc8 19. c5 Nf4 20. Bc4 Qg5 21. Rad1
Rfe8 22. Kh1 Qg6 23. Nxf4 exf4 24. Bxe6 Qxe6 25. Rxf4 Qe5 26. Rdf1 Rcd8 27. Qc2
Rd7 28. h3 Red8 29. Rf5 Qe6 30. a3 Rd2 31. Qc3 h6 32. b5 Qg6 33. R5f2 R2d3 34.
Qe5 Rxa3 35. Qc7 Rdd3 36. Qc8+ Kh7 37. Qf5 Qxf5 38. Rxf5 f6 39. Rc1 Rac3 40.
Rxc3 Rxc3 41. Rd5 Kg6 42. Kg1 Rc2 43. Kf1 a5 44. b6 a4 45. c6 Rxc6 46. Ra5 Rxb6
47. Rxa4 Rb2 48. Ra7 b5 49. Kg1 h5 50. Kh2 Kh6 51. h4 b4 52. Kh3 b3 53. Rb7 Rb1
54. Kg3 g6 55. Rb6 b2 56. Rb4 Kg7 57. Rb7+ Kf8 58. Rb6 Ke7 59. Rb8 Kd6 60. Rb5
Kc6 61. Rb8 Kc5 62. Rb7 Kd4 63. Rb4+ Ke3 64. Kh2 Kd2 65. Rb8 Kc3 66. Rc8+ Kd3
67. Rb8 Kxe4 68. Re8+ Kf4 69. Rb8 g5 70. hxg5 Kxg5 71. g3 f5 72. Rb4 Kf6 73. Kg2
Ke5 74. Kh2 Kd5 75. Kg2 Kc5 76. Rb8 Kd4 77. Rb7 Ke3 78. Rb3+ Ke4 79. Rb4+ Ke5
80. Rb5+ Kf6 81. Rb8 Kg5 82. Rb4 Kg6 83. Kh2 Kf6 84. Kg2 Ke5 1/2-1/2

[Event "ch-FRA Blitz Online Qual"]
[Site "Europe-Chess INT"]
[Date "2020.05.16"]
[Round "2"]
[White "Navrotescu, Catalin"]
[Black "Lesueur, Gabriel"]
[Result "1-0"]
[WhiteTitle "IM"]
[WhiteElo "2348"]
[BlackElo "1906"]
[WhiteFideId "1200208"]
[BlackFideId "45186359"]
[EventDate "2020.05.16"]

1. d4 Nf6 2. g3 g6 3. Bg2 Bg7 4. e4 d6 5. Nc3 O-O 6. Nge2 c5 7. dxc5 dxc5 8.
Qxd8 Rxd8 9. e5 Ng4 10. f4 Nc6 11. Bxc6 bxc6 12. h3 Nh6 13. Be3 c4 14. g4 f6 15.
exf6 exf6 16. Kf2 Rb8 17. Rhd1 Be6 18. Bxa7 Rxd1 19. Nxd1 Rd8 20. Bd4 Kf7 21.
Ne3 Bf8 22. a4 c5 23. Bc3 Ng8 24. a5 Ne7 25. Rd1 Ra8 26. Ra1 Nc6 27. f5 gxf5 28.
gxf5 Bc8 29. Nf4 Bh6 30. Nfd5 Bxe3+ 31. Nxe3 Nd4 32. Nxc4 Bxf5 33. Bxd4 cxd4 34.
Nd6+ Ke6 35. Nxf5 Kxf5 36. Ke2 Ke5 37. Kd3 Kd5 38. b4 f5 39. b5 f4 40. a6 Kc5
41. Rb1 Kb6 42. Kxd4 Re8 43. c4 f3 44. Rf1 Rd8+ 45. Kc3 Rf8 46. Rf2 Rf4 47. Kd3
h5 48. h4 Kc5 49. a7 Rf8 50. Ke3 Ra8 51. Rxf3 Rxa7 52. Rf5+ Kxc4 53. Rxh5 Re7+
54. Kf4 Rd7 55. Rf5 Rd4+ 56. Kg5 Rd1 57. h5 Rg1+ 58. Kf6 Rh1 59. Kg6 Rg1+ 60.
Rg5 Rh1 61. h6 Rd1 62. h7 Rd6+ 63. Kg7 Rd7+ 64. Kh6 Rd6+ 65. Kh5 Rd8 66. Rg8
Rd5+ 67. Kg6 Rd6+ 68. Kf5 Rd5+ 69. Ke6 Rh5 70. h8=Q Rxh8 71. Rxh8 Kxb5 72. Rc8 1-0

[Event "ch-FRA Blitz Online Qual"]
[Site "Europe-Chess INT"]
[Date "2020.05.16"]
[Round "2"]
[White "Tomasi, Elise"]
[Black "Laurent-Paoli, Pierre"]
[Result "0-1"]
[BlackTitle "FM"]
[WhiteElo "2030"]
[BlackElo "2402"]
[WhiteFideId "26088843"]
[BlackFideId "26017962"]
[EventDate "2020.05.16"]

1. d4 Nf6 2. Nf3 d5 3. g3 e6 4. Bg2 Be7 5. O-O O-O 6. c4 dxc4 7. Qc2 a6 8. Qxc4
b5 9. Qc2 Bb7 10. Bd2 Be4 11. Qc1 c6 12. Rd1 Nbd7 13. Nc3 Bg6 14. Bf4 Nd5 15.
Nxd5 cxd5 16. Qd2 Qb6 17. Ne5 Nxe5 18. Bxe5 Rfc8 19. Rac1 h6 20. h4 a5 21. Rxc8+
Rxc8 22. Rc1 Rc4 23. b3 Bb4 24. Qd1 Rc6 25. f3 Ba3 26. Rxc6 Qxc6 27. Kh2 Qc2 28.
Qxc2 Bxc2 29. e4 Bb1 30. exd5 exd5 31. f4 Bxa2 32. Bxd5 a4 33. Bc6 axb3 34. d5
b2 35. Bxb2 Bxb2 36. d6 b4 0-1

[Event "ch-FRA Blitz Online Qual"]
[Site "Europe-Chess INT"]
[Date "2020.05.16"]
[Round "2"]
[White "Bulmaga, Irina"]
[Black "Nineuil, Vincent"]
[Result "1-0"]
[WhiteTitle "IM"]
[WhiteElo "2440"]
[BlackElo "1920"]
[WhiteFideId "13903063"]
[BlackFideId "688380"]
[EventDate "2020.05.16"]

1. e4 c5 2. Nf3 d6 3. d4 cxd4 4. Nxd4 Nf6 5. Nc3 a6 6. h3 e5 7. Nb3 h5 8. Bg5
Be7 9. Qe2 Nbd7 10. Bxf6 Nxf6 11. O-O-O b5 12. a3 Be6 13. Qd2 Rc8 14. Kb1 Qb6
15. g3 a5 16. Bxb5+ Kf8 17. a4 g6 18. f4 Kg7 19. f5 Bc4 20. Rhe1 Rhd8 21. fxg6
fxg6 22. Bxc4 Rxc4 23. g4 hxg4 24. hxg4 Nxg4 25. Nd5 Qb7 26. Nxa5 Qc8 27. Nxc4
Qxc4 28. Nxe7 Rb8 29. Qxd6 Qxa4 30. Qxb8 1-0

[Event "ch-FRA Blitz Online Qual"]
[Site "Europe-Chess INT"]
[Date "2020.05.16"]
[Round "2"]
[White "Benayoun, Omri"]
[Black "Degraeve, Remy"]
[Result "0-1"]
[BlackTitle "FM"]
[WhiteElo "1901"]
[BlackElo "2328"]
[WhiteFideId "45113807"]
[BlackFideId "26024560"]
[EventDate "2020.05.16"]

1. d4 Nf6 2. Nf3 g6 3. Nc3 d5 4. Bf4 Bg7 5. Qd2 c6 6. Ne5 Nbd7 7. f3 Nxe5 8.
Bxe5 O-O 9. g4 Nd7 10. Bxg7 Kxg7 11. h4 h6 12. O-O-O b5 13. e4 b4 14. Ne2 Nb6
15. Qf4 Nc4 16. Ng3 Qa5 17. Kb1 Na3+ 18. Kc1 Nc4 19. Kb1 Kh7 20. Bd3 Ba6 21. h5
Na3+ 22. Kc1 Bxd3 23. Rxd3 g5 24. Qf5+ Kg8 25. bxa3 bxa3 26. exd5 Rab8 27. Rc3
Qxc3 0-1

[Event "ch-FRA Blitz Online Qual"]
[Site "Europe-Chess INT"]
[Date "2020.05.16"]
[Round "2"]
[White "Suarez Uriel, Adrian"]
[Black "Goulesque, Camille"]
[Result "1-0"]
[WhiteTitle "IM"]
[WhiteElo "2340"]
[BlackElo "1899"]
[WhiteFideId "22230874"]
[BlackFideId "26086140"]
[EventDate "2020.05.16"]

1. e4 g6 2. d4 Bg7 3. Nc3 e6 4. Be3 Ne7 5. Qd2 d5 6. O-O-O dxe4 7. Nxe4 Nf5 8.
Bg5 Qxd4 9. Qxd4 Bxd4 10. g4 h6 11. gxf5 hxg5 12. Rxd4 gxf5 13. Nxg5 Nc6 14. Rd1
Ke7 15. N1f3 b6 16. Bg2 Bb7 17. Rhe1 Kf6 18. Rd7 Na5 19. Rxf7+ Kg6 20. Rxe6+ Kh5
21. Rxc7 Rag8 22. h4 Ba6 23. Rxa7 Bc4 24. Rxb6 Re8 25. Rxa5 Re2 26. Rxf5 Kg4 27.
Bh3+ Kh5 28. Nf7# 1-0

[Event "ch-FRA Blitz Online Qual"]
[Site "Europe-Chess INT"]
[Date "2020.05.16"]
[Round "2"]
[White "Mataigne, Jean-Michel"]
[Black "Calistri, Tristan"]
[Result "0-1"]
[BlackTitle "IM"]
[WhiteElo "1900"]
[BlackElo "2288"]
[WhiteFideId "618250"]
[BlackFideId "607843"]
[EventDate "2020.05.16"]

1. e4 c5 2. Nf3 d6 3. d3 Nc6 4. g3 g6 5. Bg2 Bg7 6. O-O e5 7. Nc3 Nge7 8. Nd2
O-O 9. Nc4 Be6 10. Nd5 Qd7 11. c3 Rad8 12. a4 Bh3 13. f4 Bxg2 14. Kxg2 exf4 15.
Bxf4 Nxd5 16. exd5 Ne5 17. Qe2 Rfe8 18. Qd2 Nxc4 19. dxc4 Re4 20. Qd3 Rde8 21.
Rf2 f5 22. Raf1 Qxa4 23. Bxd6 Qxc4 24. Qxc4 Rxc4 25. Rd2 Kf7 26. Bf4 Rd8 27. d6
Rd7 28. Re1 b5 29. Re7+ Rxe7 30. dxe7 Kxe7 31. Bg5+ Ke6 32. Rd8 b4 33. Ra8 bxc3
34. bxc3 Ra4 35. Re8+ Kd5 36. Re7 Bxc3 37. Rxh7 Bd4 38. Rd7+ Ke4 39. Rd6 Ra2+
40. Kh3 Bg1 41. Bd2 c4 42. Re6+ Kd5 0-1

[Event "ch-FRA Blitz Online Qual"]
[Site "Europe-Chess INT"]
[Date "2020.05.16"]
[Round "2"]
[White "Muller, Anthony"]
[Black "Delin, Valere"]
[Result "1-0"]
[WhiteElo "2278"]
[BlackElo "2043"]
[WhiteFideId "20682743"]
[BlackFideId "45107254"]
[EventDate "2020.05.16"]

1. d4 Nf6 2. c4 g6 3. Nc3 c5 4. d5 d6 5. Nf3 Bg7 6. e4 O-O 7. Be2 e6 8. Nd2 exd5
9. cxd5 a6 10. a4 h6 11. O-O Nh7 12. Nc4 f5 13. Bf4 Rf6 14. e5 dxe5 15. Bxe5 Rf8
16. Bxg7 Kxg7 17. a5 Nd7 18. d6 b5 19. axb6 Nxb6 20. Bf3 Rb8 21. Ne5 Nf6 22. Nc6
Qe8 23. Nxb8 Be6 24. Nc6 g5 25. Re1 g4 26. Ne7 Qf7 27. Rxa6 Nc4 28. Ra7 Kh8 29.
Bc6 Nxb2 30. Qa1 Nd3 31. Rd1 c4 32. Ncd5 Qg7 33. Nxf6 Qxf6 34. Qxf6+ Rxf6 35. d7
Rf8 36. Bd5 Bxd5 37. Nxd5 Rc8 38. dxc8=Q# 1-0

[Event "ch-FRA Blitz Online Qual"]
[Site "Europe-Chess INT"]
[Date "2020.05.16"]
[Round "2"]
[White "Breuil, Tristan"]
[Black "Stephan, Victor"]
[Result "0-1"]
[BlackTitle "IM"]
[WhiteElo "1898"]
[BlackElo "2439"]
[WhiteFideId "45163685"]
[BlackFideId "656666"]
[EventDate "2020.05.16"]

1. e4 c5 2. Nf3 d6 3. d4 cxd4 4. Nxd4 Nf6 5. Nc3 a6 6. h3 e6 7. g4 Be7 8. Bg2
Qc7 9. Be3 Nfd7 10. O-O b5 11. f4 Bb7 12. f5 Nc5 13. b4 e5 14. bxc5 exd4 15.
Bxd4 dxc5 16. Bxg7 Rg8 17. f6 Bd6 18. e5 Bxe5 19. Re1 Nd7 20. Bxb7 Qxb7 21. Qe2
O-O-O 22. Rad1 Bxc3 23. Rf1 Bd4+ 24. Kh2 Rge8 25. Qd3 Ne5 26. Qd2 Bg1+ 27. Kxg1
Rxd2 28. Rxd2 Nf3+ 29. Rxf3 Qxf3 0-1

[Event "ch-FRA Blitz Online Qual"]
[Site "Europe-Chess INT"]
[Date "2020.05.16"]
[Round "2"]
[White "Droin, Augustin"]
[Black "Bellahcene, Rayane"]
[Result "1-0"]
[WhiteTitle "FM"]
[WhiteElo "2313"]
[BlackElo "2046"]
[WhiteFideId "45105987"]
[BlackFideId "678392"]
[EventDate "2020.05.16"]

1. e4 e5 2. Nf3 Nc6 3. Bb5 a6 4. Ba4 d6 5. c3 g6 6. d4 Bd7 7. O-O Bg7 8. Re1 Nf6
9. dxe5 dxe5 10. Bg5 h6 11. Bh4 O-O 12. Nbd2 g5 13. Bg3 Nh5 14. Bxc6 Nxg3 15.
Bxd7 1-0

[Event "ch-FRA Blitz Online Qual"]
[Site "Europe-Chess INT"]
[Date "2020.05.16"]
[Round "2"]
[White "Weisman, Nathan"]
[Black "Macon, Arthur"]
[Result "1/2-1/2"]
[BlackTitle "FM"]
[WhiteElo "2186"]
[BlackElo "2310"]
[WhiteFideId "36060895"]
[BlackFideId "20654707"]
[EventDate "2020.05.16"]

1. e4 c6 2. d4 d5 3. Nd2 dxe4 4. Nxe4 Bf5 5. Ng3 Bg6 6. h4 h6 7. Nh3 e6 8. Nf4
Bh7 9. Bc4 Nf6 10. O-O Bd6 11. Re1 O-O 12. Ngh5 Nxh5 13. Nxh5 Qxh4 14. g3 Qe7
15. Qg4 Bg6 16. Bxh6 gxh6 17. Rxe6 fxe6 18. Qxg6+ Kh8 19. Qxh6+ Qh7 20. Qxe6
Qxh5 21. Qxd6 Na6 22. Kg2 Qf3+ 23. Kh3 Rf6 24. Qe5 Qf5+ 25. Qxf5 Rxf5 26. Kg4
Rxf2 27. Rh1+ Kg7 28. Re1 Rf7 29. Bxf7 Kxf7 30. Kf5 Rd8 31. c3 Rd5+ 32. Kf4 Nc7
33. g4 Ne6+ 34. Kf3 Kf6 35. Rh1 Rd7 36. Rh6+ Ke7 37. Rh7+ Kd6 38. Rh6 Rf7+ 39.
Ke3 Ke7 40. Rg6 Nf8 41. Rg5 Kf6 42. Rf5+ Kg6 43. Re5 Nd7 44. Re6+ Kg5 45. Re8
Kxg4 46. Rg8+ Kf5 47. Ra8 a6 48. Ra7 Nb6 49. Kd3 Ke6 50. c4 Rc7 51. c5 Nc8 52.
Ra8 Kd5 53. b4 Ke6 54. Rb8 Kd7 55. Kc4 Ne7 56. a4 Nd5 57. b5 axb5+ 58. axb5 Ne3+
59. Kd3 Nd5 60. b6 Rc8 61. Rxb7+ Ke6 62. Ra7 Rb8 63. Kc4 Ne3+ 64. Kb4 Nd5+ 65.
Ka5 Ne7 66. b7 Kd7 67. Kb6 Nd5+ 68. Ka6 Kc7 69. Ra8 Rxb7 70. Rh8 Rb1 71. Rh7+
Kc8 72. Rh6 Kd7 73. Rh7+ Ne7 74. Ka5 Rb5+ 75. Ka4 Rb8 76. Rg7 Ke6 77. Rh7 Rd8
78. Rh6+ Kf7 79. Rd6 Rxd6 80. cxd6 Nf5 81. Kb4 Ke6 82. Kc5 Nxd4 83. Kxd4 Kxd6
84. Kc4 c5 85. Kc3 Kd5 86. Kd3 c4+ 87. Kc3 Kc5 88. Kc2 Kd4 89. Kd2 c3+ 90. Kc2
Kc4 91. Kc1 Kd3 92. Kd1 c2+ 93. Kc1 Kc3 1/2-1/2

[Event "ch-FRA Blitz Online Qual"]
[Site "Europe-Chess INT"]
[Date "2020.05.16"]
[Round "2"]
[White "Shirazi, Kamran"]
[Black "Bernard, Louis"]
[Result "1-0"]
[WhiteTitle "IM"]
[WhiteElo "2355"]
[BlackElo "1993"]
[WhiteFideId "2000733"]
[BlackFideId "36075191"]
[EventDate "2020.05.16"]

1. e4 e5 2. Nc3 Nc6 3. Nf3 Nf6 4. a3 Be7 5. d4 d6 6. Bb5 Bd7 7. O-O O-O 8. Re1
Bg4 9. Bxc6 bxc6 10. dxe5 dxe5 11. Qxd8 Raxd8 12. Nxe5 Bc5 13. Bg5 Rd6 14. Bxf6 1-0

[Event "ch-FRA Blitz Online Qual"]
[Site "Europe-Chess INT"]
[Date "2020.05.16"]
[Round "2"]
[White "Bosc, Gabriel"]
[Black "Kirk, Ezra"]
[Result "0-1"]
[BlackTitle "IM"]
[WhiteElo "1994"]
[BlackElo "2447"]
[WhiteFideId "26086743"]
[BlackFideId "600067"]
[EventDate "2020.05.16"]

1. f4 d5 2. b3 Nf6 3. Bb2 c5 4. Nf3 Nc6 5. e3 e6 6. Bb5 Bd7 7. O-O Be7 8. Bxc6
Bxc6 9. Ne5 O-O 10. Rf3 d4 11. Rh3 Qd5 12. Qe2 Rad8 13. d3 dxe3 14. Nc3 Qd4 15.
Qxe3 Qxe3+ 16. Rxe3 Be8 17. h3 b6 18. Kh2 Bd6 19. Rf1 Rc8 20. Ne4 Nxe4 21. Rxe4
b5 22. c4 a6 23. Re3 f6 24. Ng4 Bf7 25. g3 Rfd8 26. Nf2 Bf8 27. Ne4 Rb8 28. Rf2
Bg6 29. g4 Rd7 30. f5 exf5 31. gxf5 Bf7 0-1

[Event "ch-FRA Blitz Online Qual"]
[Site "Europe-Chess INT"]
[Date "2020.05.16"]
[Round "2"]
[White "Vlachos, Anatole"]
[Black "Fretel, Liza"]
[Result "1-0"]
[WhiteTitle "IM"]
[WhiteElo "2401"]
[BlackElo "1934"]
[WhiteFideId "26093189"]
[BlackFideId "26045460"]
[EventDate "2020.05.16"]

1. f4 c5 2. Nf3 Nc6 3. g3 d5 4. Bg2 Nf6 5. O-O g6 6. d3 Bg7 7. Qe1 d4 8. a4 O-O
9. Na3 Nd5 10. Nc4 Ndb4 11. Qd1 Bg4 12. h3 Be6 13. e4 Bxc4 14. dxc4 d3 15. c3
Na6 16. Ne1 Qc7 17. Nxd3 Rad8 18. Qe2 Rd7 19. Be3 b6 20. Rad1 Na5 21. Nc1 Rfd8
22. Rxd7 Qxd7 23. Re1 e5 24. f5 gxf5 25. exf5 Qxf5 26. Rf1 Qg6 27. g4 Nc7 28.
Bf2 Ne6 29. Bg3 Nf4 30. Bxf4 exf4 31. Rxf4 Be5 32. Qxe5 Rd1+ 33. Rf1 Qc2 34.
Qe8+ Kg7 35. Qxf7+ Kh6 36. Qf6+ Qg6 37. Qxg6+ hxg6 38. Rxd1 1-0

[Event "ch-FRA Blitz Online Qual"]
[Site "Europe-Chess INT"]
[Date "2020.05.16"]
[Round "2"]
[White "Coiffait, Pierre-Basile"]
[Black "Sochacki, Wojtek"]
[Result "0-1"]
[BlackTitle "IM"]
[WhiteElo "2261"]
[BlackElo "2320"]
[WhiteFideId "20665342"]
[BlackFideId "651389"]
[EventDate "2020.05.16"]

1. e4 c5 2. Nf3 d6 3. d4 cxd4 4. Nxd4 Nf6 5. f3 g6 6. c4 Bg7 7. Nc3 O-O 8. Be3
Nc6 9. Be2 Bd7 10. O-O Nxd4 11. Bxd4 Bc6 12. Qd2 a5 13. b3 Nd7 14. Rfd1 Bxd4+
15. Qxd4 Qb6 16. Kf2 Rfc8 17. Rac1 Qxd4+ 18. Rxd4 Nc5 19. Ke3 Na6 20. a3 Nc5 21.
Rb1 Kf8 22. f4 Rd8 23. g3 e6 24. Rd2 Ke7 25. Rc2 h5 26. b4 axb4 27. axb4 Na4 28.
b5 Bd7 29. Kd4 b6 30. Rcc1 Nc5 31. Ke3 Ra3 32. Kd2 Nb3+ 33. Rxb3 Rxb3 34. Ra1
Rc8 35. Ra4 Rb2+ 36. Kc1 Rxe2 37. Nxe2 Bxb5 38. Ra7+ Kf6 39. Kd2 Rxc4 40. Nc3
Rd4+ 41. Kc2 Bd3+ 42. Kd2 Bxe4+ 43. Ke3 Rd3+ 44. Kxe4 Rxc3 45. Ra6 Rb3 46. Kd4
d5 47. Ra7 Rb2 48. h3 Rb3 49. g4 Rb4+ 50. Ke3 hxg4 51. hxg4 g5 52. f5 Rxg4 0-1

[Event "ch-FRA Blitz Online Qual"]
[Site "Europe-Chess INT"]
[Date "2020.05.16"]
[Round "2"]
[White "Claverie, Christophe"]
[Black "Bernard, Mathis"]
[Result "1-0"]
[WhiteTitle "IM"]
[WhiteElo "2304"]
[BlackElo "1880"]
[WhiteFideId "605514"]
[BlackFideId "36075205"]
[EventDate "2020.05.16"]

1. d4 Nf6 2. Bg5 d5 3. Bxf6 gxf6 4. e3 c5 5. c3 Nc6 6. Nf3 Bg4 7. Be2 e6 8. Nbd2
Bd6 9. Qb3 Qd7 10. Qa4 O-O-O 11. dxc5 Bxc5 12. Qxg4 h5 13. Qh3 Rdg8 14. O-O-O
Kb8 15. Kb1 Qc7 16. g3 e5 17. Qf5 Qe7 18. Nb3 Bb6 19. Rxd5 Rd8 20. Rhd1 Qe6 21.
Rxd8+ Rxd8 22. Rxd8+ Nxd8 23. Qxh5 Qd5 24. Qf5 Ne6 25. Qxf6 e4 26. Qe5+ Qxe5 27.
Nxe5 1-0

[Event "ch-FRA Blitz Online Qual"]
[Site "Europe-Chess INT"]
[Date "2020.05.16"]
[Round "2"]
[White "Buttard, Axel"]
[Black "Loiseau, Quentin"]
[Result "0-1"]
[BlackTitle "IM"]
[WhiteElo "1883"]
[BlackElo "2457"]
[WhiteFideId "36052523"]
[BlackFideId "665274"]
[EventDate "2020.05.16"]

1. d4 d5 2. Bf4 Nf6 3. e3 c5 4. c3 Nc6 5. Nd2 Qb6 6. Qb3 c4 7. Qc2 g6 8. e4 e6
9. Be2 Bg7 10. b3 cxb3 11. axb3 dxe4 12. Nc4 Qd8 13. Nd6+ Kf8 14. Nxe4 Nd5 15.
Bg3 f5 16. Nc5 f4 17. Nf3 fxg3 18. hxg3 b6 19. Nd3 Bb7 20. O-O Bf6 21. Rfe1 Kg7
22. Bf1 Re8 23. Nde5 Nxe5 24. Nxe5 Rc8 25. c4 Nb4 26. Qe4 Bxe4 0-1

[Event "ch-FRA Blitz Online Qual"]
[Site "Europe-Chess INT"]
[Date "2020.05.16"]
[Round "2"]
[White "Szajbely, Zsigmond"]
[Black "Hasseine, Madiane"]
[Result "1-0"]
[WhiteTitle "FM"]
[WhiteElo "2260"]
[BlackElo "2157"]
[WhiteFideId "711691"]
[BlackFideId "45180482"]
[EventDate "2020.05.16"]

1. e4 c5 2. Nf3 Nc6 3. d4 cxd4 4. Nxd4 e5 5. Nb5 d6 6. N1c3 a6 7. Na3 b5 8. Nd5
Nge7 9. c4 Nd4 10. Bd3 Nxd5 11. cxd5 Be7 12. O-O O-O 13. Be3 Bd7 14. Nc2 Nxc2
15. Qxc2 Bg5 16. Qd2 Bxe3 17. Qxe3 Qc7 18. Rfc1 Qb7 19. h4 Rac8 20. Re1 f5 21.
f3 f4 22. Qf2 Rc5 23. Qe2 Qb6 24. Qf2 Qb7 25. Rf1 Rfc8 26. g3 fxg3 27. Qxg3 Qb6
28. Kg2 Qd8 29. f4 exf4 30. Rxf4 Qe7 31. Raf1 Rc1 32. R1f2 Be8 33. Be2 Bg6 34.
Bd3 Re1 35. Qf3 h6 36. h5 Bh7 37. Rg4 Kh8 38. Qg3 Rf8 39. Rxf8+ Qxf8 40. Qxe1
Qe8 41. Qf2 Qxh5 42. Qf8+ 1-0

[Event "ch-FRA Blitz Online Qual"]
[Site "Europe-Chess INT"]
[Date "2020.05.16"]
[Round "2"]
[White "Evrin, Selvam"]
[Black "Milliet, Sophie"]
[Result "0-1"]
[BlackTitle "IM"]
[WhiteElo "1882"]
[BlackElo "2401"]
[WhiteFideId "36094404"]
[BlackFideId "623725"]
[EventDate "2020.05.16"]

1. e4 c5 2. Nf3 e6 3. d4 cxd4 4. Nxd4 Nc6 5. Nc3 Qc7 6. Be3 a6 7. f4 b5 8. a3
Bb7 9. Be2 h5 10. Bf3 Nf6 11. O-O Rc8 12. Nb3 d6 13. f5 Ne5 14. fxe6 fxe6 15.
Nd4 Qd7 16. Bg5 Nxf3+ 17. Qxf3 Be7 18. Qg3 Rc4 19. Rad1 O-O 20. e5 Rxc3 21. bxc3
Ne4 22. Qh3 Nxg5 23. Qxh5 Rxf1+ 24. Rxf1 dxe5 25. Nb3 e4 26. h4 Nf3+ 27. gxf3
exf3 28. Kf2 Bd8 29. Nd4 Bb6 30. Qe5 Qe7 31. Rg1 Qxh4+ 32. Kf1 Qh3+ 33. Ke1 f2+
34. Kxf2 Qh4+ 35. Kf1 Qh3+ 36. Ke1 Qh4+ 37. Kf1 Qh6 38. Qb8+ Kh7 39. Qxb7 Qf4+
40. Ke1 Qe3+ 41. Kf1 Qf4+ 42. Qf3 Qc1+ 43. Kg2 Qg5+ 44. Qg3 Qd2+ 45. Qf2 Qxc3
46. Rh1+ Kg8 47. Rf1 Bxd4 48. Qf8+ Kh7 49. Qf7 Qxc2+ 50. Kh1 Qe4+ 51. Kh2 Be5+
52. Kh3 Qe3+ 53. Kh4 Qg3+ 54. Kh5 Qh3+ 55. Kg5 Bf6+ 56. Rxf6 Qg3+ 57. Kh5 Qe5+ 0-1

[Event "ch-FRA Blitz Online Qual"]
[Site "Europe-Chess INT"]
[Date "2020.05.16"]
[Round "2"]
[White "Percheron, Andre"]
[Black "Daulyte-Cornette, Deimante"]
[Result "0-1"]
[BlackTitle "IM"]
[WhiteElo "1846"]
[BlackElo "2400"]
[WhiteFideId "20607091"]
[BlackFideId "12802859"]
[EventDate "2020.05.16"]

1. Nf3 Nf6 2. c4 b6 3. b3 g6 4. Bb2 Bg7 5. g3 Bb7 6. Bg2 c5 7. O-O O-O 8. d3 d6
9. Nbd2 Nbd7 10. Re1 e5 11. e4 Ne8 12. Nf1 f5 13. Qd2 f4 14. gxf4 Rxf4 15. Ne3
Nef6 16. Ng5 Qe7 17. Nh3 Rh4 18. Nd5 Bxd5 19. exd5 Bh6 20. f4 Nh5 21. Qf2 Nxf4
22. Nxf4 Bxf4 23. h3 Rf8 24. Qe2 Qg5 25. Kh1 Qg3 26. Bf1 Rxh3+ 27. Bxh3 Qxh3+
28. Kg1 Rf5 29. Qf2 Rg5+ 0-1

[Event "ch-FRA Blitz Online Qual"]
[Site "Europe-Chess INT"]
[Date "2020.05.16"]
[Round "2"]
[White "Le Goff, Damien"]
[Black "Gerandi, Guillaume"]
[Result "1-0"]
[WhiteTitle "FM"]
[WhiteElo "2281"]
[BlackElo "1876"]
[WhiteFideId "634808"]
[BlackFideId "20648359"]
[EventDate "2020.05.16"]

1. e4 c5 2. Nf3 Nc6 3. d4 cxd4 4. Nxd4 g6 5. Nc3 Bg7 6. Be3 Nf6 7. Bc4 O-O 8.
Bb3 d6 9. f3 Bd7 10. Qd2 Nxd4 11. Bxd4 b5 12. h4 a5 13. a4 bxa4 14. Nxa4 Be6 15.
Bxe6 fxe6 16. h5 e5 17. Bb6 Qe8 18. hxg6 Qxg6 19. O-O-O Rab8 20. Be3 Qf7 21. b3
Rfc8 22. Kb2 d5 23. Bh6 dxe4 24. Bxg7 Qxg7 25. fxe4 Kh8 26. Rh4 Rc4 27. Nc3 a4
28. Qd8+ Rxd8 29. Rxd8+ Ng8 30. bxc4 Qxg2 31. Rh5 Qg3 32. Rd3 a3+ 33. Kxa3 Qf4
34. Rf5 Qg4 35. Rd8 Kg7 36. Rd3 Nf6 37. Rxe5 Qg1 38. Kb3 Kf7 39. Rb5 h5 40. Rf5
Qb6+ 41. Nb5 h4 42. e5 Qg1 43. exf6 exf6 44. Rdf3 Qg2 45. Rxf6+ Kg7 46. Nc3 h3
47. Rf7+ Kg8 48. Rf8+ Kg7 49. R3f7+ Kh6 50. Rh8+ Kg6 51. Rg8+ Kxf7 52. Rxg2 hxg2
53. Ne2 g1=Q 54. Nxg1 Ke6 55. Kb4 Kd6 56. Kb5 Kc7 57. c5 Kc8 58. c6 1-0

[Event "ch-FRA Blitz Online Qual"]
[Site "Europe-Chess INT"]
[Date "2020.05.16"]
[Round "2"]
[White "Frey, Thierry"]
[Black "Batsiashvili, Nino"]
[Result "0-1"]
[BlackTitle "GM"]
[WhiteElo "1792"]
[BlackElo "2457"]
[WhiteFideId "1317709"]
[BlackFideId "13602993"]
[EventDate "2020.05.16"]

1. e4 c6 2. Nc3 d5 3. Nf3 dxe4 4. Nxe4 Nf6 5. Ng3 g6 6. Be2 Bg7 7. c3 c5 8. d4
cxd4 9. Nxd4 O-O 10. O-O a6 11. Be3 Qc7 12. Bf3 Bd7 13. Qb3 Nc6 14. Nxc6 Bxc6
15. Bxc6 Qxc6 16. Rfd1 Rad8 17. Rxd8 Rxd8 18. Rd1 Rd7 19. Qc2 Nd5 20. f3 Nxe3 0-1

[Event "ch-FRA Blitz Online Qual"]
[Site "Europe-Chess INT"]
[Date "2020.05.16"]
[Round "2"]
[White "Choukri, Adel"]
[Black "Pigeat, Benoit"]
[Result "1-0"]
[WhiteTitle "FM"]
[WhiteElo "2311"]
[BlackElo "1873"]
[WhiteFideId "9000399"]
[BlackFideId "20643390"]
[EventDate "2020.05.16"]

1. e4 e6 2. d4 d5 3. Nc3 Bb4 4. e5 c5 5. a3 cxd4 6. axb4 dxc3 7. bxc3 Ne7 8. Nf3
Qc7 9. Bd3 Ng6 10. O-O Nc6 11. Re1 Bd7 12. b5 Nce7 13. Ba3 Qxc3 14. Bd6 Qc8 15.
Qd2 b6 16. Nd4 Qb7 17. h4 Nxh4 18. Bxe7 Kxe7 19. Qg5+ f6 20. Qxg7+ 1-0

[Event "ch-FRA Blitz Online Qual"]
[Site "Europe-Chess INT"]
[Date "2020.05.16"]
[Round "2"]
[White "Ludwiczak, Virginie"]
[Black "Le Goff, Ronan"]
[Result "0-1"]
[BlackTitle "FM"]
[WhiteElo "1875"]
[BlackElo "2267"]
[WhiteFideId "20655592"]
[BlackFideId "612073"]
[EventDate "2020.05.16"]

1. c4 e6 2. Nc3 d5 3. cxd5 exd5 4. d4 Nf6 5. Nf3 c6 6. g3 Bd6 7. Bg2 O-O 8. O-O
h6 9. Re1 Re8 10. Qc2 Na6 11. a3 Nc7 12. b4 a6 13. Bb2 Bg4 14. e4 dxe4 15. Nxe4
Ncd5 16. Nxd6 Qxd6 17. Ne5 Be6 18. Qc5 Qc7 19. Rac1 Rad8 20. a4 Nd7 21. Nxd7
Qxd7 22. b5 cxb5 23. axb5 axb5 24. Qa3 Nb6 25. Ba1 Bd5 26. Rc5 Rxe1+ 0-1